00882nam a2200217 a 4500001001000000003000500010005001700015008004100032010001100073011001100084040000900095100003500104245018700139260004100326500006000367502007700427650002300504650003500527650003200562856007000594000109635CHAP20220329144058.0140515s2014 mx sm |||||||spa d a106097 a107069 cCHAP1 aGarcía Hernández, Griselda10aVariabilidad del area foliar y volumen de raíz de 33 colectas de haba ( Vicia faba L.) bajo riego y sequía en Chapingo, Méxicoh[En línea]cpor Griselda García Hernández. aChapingo, Méx. :bEl autor,c2014. aPara ver el contenido del material haga clic en la liga aTesis (Ing. Agr. Esp. en Fitotecnia) -- UACH. Departamento de Fitotecnia14aHabaxCrecimiento.14aHabaxEfecto de las sequías.14aHabaxResistencia a sequia. aFinding aiduhttp://10.13.5.2/tesis/sist109635.pdfzTeclea aquí